[Event "tht Extraliga 16/17,SK AD Jicin-Lokomotiva Brno"]
[Site "Brno"]
[Date "2017.02.26"]
[Round "8.3"]
[White "Tazbir, Marcin"]
[Black "Burdalev, Kirill"]
[WhiteElo "2504"]
[BlackElo "2338"]
[Result "1-0"]
[PlyCount "73"]

1. e4 e6 2. d3 d5 3. Qe2 Nf6 4. Nf3 dxe4 5. dxe4 b6 6. Nbd2 Bb7 7. g3 Nbd7 8.
Bg2 e5 9. O-O Bd6 10. Nh4 O-O 11. Nf5 Bc5 12. Nb3 Re8 13. Nxc5 Nxc5 14. Rd1 Qb8
15. f3 Ne6 16. c3 a5 17. Be3 Ba6 18. Qf2 Qb7 19. g4 Rad8 20. Qh4 Nd7 21. Qg3
Qc6 22. h4 Ndc5 23. h5 Nd3 24. Bf1 f6 25. g5 Nxg5 26. Bxg5 fxg5 27. Qxg5 Qf6
28. Qxf6 gxf6 29. Rd2 Rd7 30. Rad1 Red8 31. Ne3 Kf7 32. Bh3 Re7 33. Nf5 Ree8
34. Bf1 Rg8+ 35. Kh2 Ne1 36. Nh6+ Ke6 37. Bh3+ 1-0

[Event "tht Extraliga 16/17,SK AD Jicin-Lokomotiva Brno"]
[Site "Brno"]
[Date "2017.02.26"]
[Round "8.4"]
[White "Kratochvil, Josef"]
[Black "Spirin, Oleg"]
[WhiteElo "2272"]
[BlackElo "2436"]
[Result "0-1"]
[PlyCount "68"]

1. e4 c5 2. Nf3 d6 3. d4 cxd4 4. Nxd4 Nf6 5. Nc3 a6 6. Bg5 Nc6 7. Qd2 e6 8.
O-O-O h6 9. Bh4 Nxe4 10. Bxd8 Nxd2 11. Nxc6 bxc6 12. Bc7 Nxf1 13. Bxd6 Bxd6 14.
Rxd6 Nxh2 15. Rxh2 Bd7 16. Rh3 O-O-O 17. Rg3 Kc7 18. Rd4 g5 19. f4 f5 20. fxg5
hxg5 21. Rxg5 Rdg8 22. Rxg8 Rxg8 23. Rd2 c5 24. Re2 Kd6 25. Nd1 e5 26. Kd2 Bb5
27. Rf2 f4 28. Ke1 Ke6 29. Nc3 Bc6 30. Kf1 Rg4 31. b3 e4 32. Re2 e3 33. Nd1
Bxg2+ 34. Ke1 Bf3 0-1

[Event "tht Extraliga 16/17,SK AD Jicin-Lokomotiva Brno"]
[Site "Brno"]
[Date "2017.02.26"]
[Round "8.5"]
[White "Kraus, Tomas"]
[Black "Ramik, Zdenek"]
[WhiteElo "2410"]
[BlackElo "2195"]
[Result "1-0"]
[PlyCount "81"]

1. e4 e5 2. Nf3 d6 3. d4 exd4 4. Nxd4 Nf6 5. Nc3 Be7 6. Nde2 c6 7. a4 O-O 8. g3
Bg4 9. Bg2 Qc8 10. h3 Bd7 11. g4 Rd8 12. g5 Ne8 13. h4 f5 14. exf5 Bxf5 15. Nd4
d5 16. Nxf5 Qxf5 17. Bh3 Qf7 18. Ne2 Na6 19. Nf4 Nec7 20. Rg1 Bb4+ 21. Kf1 Rf8
22. g6 hxg6 23. Rxg6 Rae8 24. c3 Re4 25. Qg4 Bc5 26. h5 Qe7 27. Bd2 Bd6 28. h6
Ne8 29. Re6 Rfxf4 30. Bxf4 Qf7 31. Rxe8+ Rxe8 32. Bxd6 g6 33. Re1 Kh7 34. Rxe8
Qxe8 35. Qc8 Qe4 36. Qxb7+ Kxh6 37. Bf8+ Kg5 38. Qe7+ Qxe7 39. Bxe7+ Kf4 40.
Bd6+ Ke4 41. Bc8 1-0

[Event "tht Extraliga 16/17,SK AD Jicin-Lokomotiva Brno"]
[Site "Brno"]
[Date "2017.02.26"]
[Round "8.6"]
[White "Skliba, Martin"]
[Black "Vykouk, Jan"]
[WhiteElo "2269"]
[BlackElo "2429"]
[Result "1/2-1/2"]
[PlyCount "102"]

1. d4 d5 2. Nf3 Nf6 3. c4 c6 4. e3 a6 5. Nc3 e6 6. Bd3 dxc4 7. Bxc4 b5 8. Bd3
c5 9. dxc5 Bxc5 10. O-O Bb7 11. e4 Nbd7 12. Qe2 Qc7 13. e5 Nd5 14. Nxd5 Bxd5
15. Bf4 Qb7 16. a4 b4 17. Rfd1 Be7 18. a5 Nc5 19. Bc4 Bxc4 20. Qxc4 Rc8 21.
Rac1 O-O 22. Be3 Rc7 23. Qe2 Rfc8 24. h3 h6 25. Nd2 Na4 26. Rxc7 Rxc7 27. Nb3
Qc8 28. Rd2 Nc5 29. Bxc5 Bxc5 30. Qd3 Be7 31. Qd4 Qb7 32. Kh2 Qb5 33. f4 g6 34.
Qd3 Qxd3 35. Rxd3 Kf8 36. g4 Ke8 37. Kg3 Rd7 38. Rxd7 Kxd7 39. Kf3 Kc6 40. Ke4
Bd8 41. Nd4+ Kc5 42. f5 gxf5+ 43. gxf5 exf5+ 44. Nxf5 Kc4 45. Nxh6 Kb3 46. Nxf7
Be7 47. Nd6 Kxb2 48. Kd3 b3 49. Nc4+ Ka2 50. Kc3 Bd8 51. Kb4 Be7+ 1/2-1/2

[Event "tht Extraliga 16/17,SK AD Jicin-Lokomotiva Brno"]
[Site "Brno"]
[Date "2017.02.26"]
[Round "8.7"]
[White "Svoboda, Svatopluk"]
[Black "Kratochvil, Vit"]
[WhiteElo "2426"]
[BlackElo "2201"]
[Result "1-0"]
[PlyCount "77"]

1. e4 Nf6 2. e5 Nd5 3. d4 d6 4. Nf3 g6 5. Bc4 Nb6 6. Bb3 Bg7 7. Ng5 d5 8. O-O
h6 9. Nf3 a5 10. c3 O-O 11. Nh4 Na6 12. Bc2 c5 13. a3 Bd7 14. Qe2 e6 15. Qg4
Nc8 16. Nf3 Ne7 17. Qh3 Kh7 18. Bg5 Qe8 19. Nbd2 Rc8 20. Rac1 Rh8 21. Bf6 b5
22. Qh4 Nc6 23. Nb3 c4 24. Nbd2 Nc7 25. b4 Ra8 26. Ra1 Qf8 27. Rfb1 Ra7 28. Nf1
Bxf6 29. exf6 Qd8 30. Ne3 Ne8 31. Ng4 Kg8 32. Nxh6+ Kf8 33. Nxf7 Rxh4 34. Nxd8
Rh6 35. Nxc6 Bxc6 36. Ne5 Ba8 37. f7 Nf6 38. bxa5 Rxa5 39. a4 1-0

[Event "tht Extraliga 16/17,SK AD Jicin-Lokomotiva Brno"]
[Site "Brno"]
[Date "2017.02.26"]
[Round "8.8"]
[White "Dvorak, Adam"]
[Black "Kourousis, Epaminondas"]
[WhiteElo "2156"]
[BlackElo "2390"]
[Result "1/2-1/2"]
[PlyCount "35"]

1. d4 Nf6 2. g3 d5 3. Nf3 Bf5 4. c4 c6 5. Nc3 e6 6. Bg2 h6 7. Bf4 Be7 8. O-O
O-O 9. Qc1 Nbd7 10. Rd1 a5 11. Nd2 a4 12. e4 dxe4 13. Ndxe4 Nxe4 14. Nxe4 Bxe4
15. Bxe4 Nf6 16. Bg2 Qa5 17. Qc3 a3 18. Qxa5 1/2-1/2

[Event "tht Extraliga 16/17,SK AD Jicin-Rapid Pardubice"]
[Site "Brno"]
[Date "2017.03.31"]
[Round "9.1"]
[White "Gajewski, Grzegorz"]
[Black "Movsesian, Sergei"]
[WhiteElo "2615"]
[BlackElo "2679"]
[Result "1/2-1/2"]

1. d4  Nf6  2. Nf3  d5
3. c4  e6  4. Nc3
c5  5. e3  cxd4
6. exd4  Bb4  7. cxd5  Nxd5
8. Bd2  Nc6  9. Bd3
Be7  10. a3  Nf6
11. Be3  O-O  12. O-O
b6  13. Qe2  Bb7
14. Rfd1  Qc7  15. Nb5
Qb8  16. Bg5  Nd5
17. Qe4  g6  18. Qh4
Bxg5  19. Nxg5  h5
20. Rac1  a6  21. Nc3
Nce7  1/2-1/2

[Event "tht Extraliga 16/17,SK AD Jicin-Rapid Pardubice"]
[Site "Brno"]
[Date "2017.03.31"]
[Round "9.2"]
[White "Kempinski, Robert"]
[Black "Tazbir, Marcin"]
[WhiteElo "2594"]
[BlackElo "2501"]
[Result "1/2-1/2"]

1. d4  Nf6  2. c4  e6
3. Nf3  d5  4. Nc3
Bb4  5. Qa4+  Nc6
6. e3  O-O  7. Qc2
dxc4  8. Bxc4  a6
9. a3  Bd6  10. Ng5
h6  11. Nge4  Nxe4
12. Nxe4  e5  13. d5
Ne7  14. O-O  Bf5
15. f3  Kh8  16. b4
Ng8  17. Qe2  Bxe4
18. fxe4  Nf6  19. Bd3
Qe7  20. Bb2  Rac8
21. Rf5  g6  22. Rf2
h5  23. Raf1  Ng4
24. Rf3  Kg7  25. Bc3
f6  26. Rg3  Kh7
27. Rgf3  Kg7  28. Rg3
Kh7  29. Rgf3  1/2-1/2

[Event "tht Extraliga 16/17,SK AD Jicin-Rapid Pardubice"]
[Site "Brno"]
[Date "2017.03.31"]
[Round "9.3"]
[White "Bulski, Krzysztof"]
[Black "Votava, Jan"]
[WhiteElo "2524"]
[BlackElo "2514"]
[Result "1/2-1/2"]

1. d4  Nf6  2. c4  g6
3. Nc3  d5  4. Bf4
Bg7  5. Nf3  c6
6. e3  O-O  7. h3  c5
8. dxc5  Ne4  9. Rc1
Nd7  10. cxd5  Nxc3
11. bxc3  Nxc5  12. Be2
Qa5  13. O-O  1/2-1/2

[Event "tht Extraliga 16/17,SK AD Jicin-Rapid Pardubice"]
[Site "Brno"]
[Date "2017.03.31"]
[Round "9.4"]
[White "Petr, Martin"]
[Black "Bures, Jaroslav"]
[WhiteElo "2495"]
[BlackElo "2383"]
[Result "1-0"]

1. c4  c6  2. Nf3  d5
3. g3  g6  4. Bg2
Bg7  5. O-O  Nf6
6. b3  Ne4  7. d4
Nd7  8. Bb2  O-O
9. Nbd2  Ndf6  10. Ne5
a5  11. Nxe4  Nxe4
12. Qc2  Bf5  13. g4 Be6 14.
Bxe4  dxe4  15. Qxe4 a4 16. Nd3
Qc8  17. f3  f5  18. gxf5
Bxf5  19. Qe3  Bxd3
20. Qxd3  Qh3  21. Qe4
Ra5  22. Qg4  Qxg4+
23. fxg4  Rxf1+  24. Kxf1
h5  25. Bc3  axb3
26. axb3  Rxa1+  27. Bxa1
hxg4  28. Kf2  c5
29. e3  Kf7  30. Kg3
Bh6  31. e4  Bg7
32. e5  cxd4  33. Bxd4
Ke6  34. Kf4  Bh8
35. b4  Bg7  36. b5
Bh8  37. Bb2  Bg7
38. Bc3  Bh8  39. c5
Bg7  40. c6  bxc6
41. bxc6  Bh6+  42. Kxg4
Be3  43. Ba5  Bc1
44. h3  Be3  45. Bd8
Bd2  46. Bb6  Bc1
47. Bf2  Bd2  48. Bg3
g5  49. c7  Kd7
50. e6+  Kc8  51. Bd6  Kb7
52. Bxe7  Kxc7  53. Bxg5
Bc3  54. Kf5  Kd6
55. h4  1-0

[Event "tht Extraliga 16/17,SK AD Jicin-Rapid Pardubice"]
[Site "Brno"]
[Date "2017.03.31"]
[Round "9.5"]
[White "Kraus, Tomas"]
[Black "Repka, Christopher"]
[WhiteElo "2416"]
[BlackElo "2455"]
[Result "0-1"]

1. d4 Nf6 2. Nf3 e6 3. e3 b6 4. Bd3 Bb7 5. O-O Be7 6. c4 O-O 7. Nc3 d5 8. b3 dxc4
9. bxc4 c5 10. Bb2 Nc6 11. d5 Nb4 12. e4 Nxd3 13. Qxd3 Ba6 14. d6 Bxd6 15. e5 Be7
16. Qxd8 Rfxd8 17. exf6 Bxf6 18. Rfe1 Bxc4 19. a4 a6 20. Ne5 Bxe5 21. Rxe5 Rac8
22. Rc1 f6 23. Ree1 b5 24. axb5 axb5 25. Na4 Rc6 26. Ba1 e5 27. f3 Rdc8 28. Bxe5
fxe5 29. Rxe5 Kf7 30. f4 bxa4 31. Rxc4 Ra8 32. Re2 a3 33. Ra2 Rb6 34. Rxc5 Rb2
35. Ra1 a2 36. Rcc1 Re8 37. Kh1 Re4 38. h3 Rxf4 39. Kh2 Rff2 40. Rg1 Ke6 41.
Rge1+ Rfe2 42. Rg1 Kd5 43. Rad1+ Kc4 44. Rdf1 Kb3 45. Rf3+ Kb4 46. Rff1 Ka3 47.
h4 Rb4 48. Kh3 Reb2 0-1

[Event "tht Extraliga 16/17,SK AD Jicin-Rapid Pardubice"]
[Site "Brno"]
[Date "2017.03.31"]
[Round "9.6"]
[White "Jirovsky, Milos"]
[Black "Vykouk, Jan"]
[WhiteElo "2443"]
[BlackElo "2424"]
[Result "1/2-1/2"]

1. Nf3  e6  2. g3  f5
3. Bg2  Nf6  4. O-O
d5  5. d4  Bd6
6. Bf4  O-O  7. Nbd2  Bxf4
8. gxf4  Bd7  9. c4
c6  10. Ne5  Be8
11. e3  Bh5  12. Bf3
Bxf3  13. Qxf3  Nbd7
14. Nxd7  Qxd7  15. Kh1
Qe7  16. c5  b6
17. Rac1  Qb7  18. b3  1/2-1/2

[Event "tht Extraliga 16/17,SK AD Jicin-Rapid Pardubice"]
[Site "Brno"]
[Date "2017.03.31"]
[Round "9.7"]
[White "Rydl, Jiri"]
[Black "Konopka, Michal"]
[WhiteElo "2394"]
[BlackElo "2391"]
[Result "1/2-1/2"]

1. c4  c6  2. Nf3  d5
3. g3  Nf6  4. Bg2
g6  5. b3  Bg7
6. Bb2  O-O  7. O-O  Bg4
8. d3  a5  9. a3
Nbd7  10. Nbd2  Bxf3
11. Nxf3  e6  12. Qc2
Ne8  13. Bxg7  Kxg7
14. b4  Nd6  15. c5
Nb5  16. a4  Nc7
17. b5  Qf6  18. Rab1
Rfb8  1/2-1/2

[Event "tht Extraliga 16/17,SK AD Jicin-Rapid Pardubice"]
[Site "Brno"]
[Date "2017.03.31"]
[Round "9.8"]
[White "Pulpan, Jakub"]
[Black "Kourousis, Epaminondas"]
[WhiteElo "2394"]
[BlackElo "2385"]
[Result "1-0"]

1. e4  c6  2. c4  d5
3. exd5  cxd5  4. cxd5
Nf6  5. Qa4+  Nbd7
6. Nc3  a6  7. Nf3
Rb8  8. Qf4  Ra8
9. Bc4  g6  10. O-O
Nb6  11. b3  Bg7
12. Ba3  Nfxd5  13. Nxd5
Nxd5  14. Bxd5  Qxd5
15. Rae1  Be6  16. Ng5
O-O  17. Bxe7  Bd7
18. Bxf8  Rxf8  19. Re7
Bc6  20. Nf3  Qa5
21. a4  Qd5  22. Re3
Rd8  23. Rfe1  h6
24. h4  Rd6  25. R1e2
Rf6  26. Qg3  Qc5
27. Ne5  Qc1+  28. Kh2
Bd5  29. Nd3  Qd1
30. Ne5  Rf5  31. Nd3
Bf6  32. Nf4  Bc6
33. Nxg6  Kh7  34. Ne7
Bxe7  35. Rxe7  Qf1
36. d4  Rf4  37. d5
Bxd5  38. Qd3+  Kg7
39. Qxd5  Rxh4+  40. Kg3
1-0

[Event "tht Extraliga 16/17,BSS Frydek Mistek-Tatran Litovel"]
[Site "Brno"]
[Date "2017.03.31"]
[Round "9.1"]
[White "Azarov, Sergei"]
[Black "Luch, Michal"]
[WhiteElo "2585"]
[BlackElo "2404"]
[Result "1-0"]

1. e4 Nf6 2. e5 Nd5 3. d4 d6 4. c4 Nb6 5. exd6 cxd6 6. Nc3 g6 7. Be3 Bg7 8. Rc1
O-O 9. h3 Nc6 10. Nf3 e5 11. dxe5 Nxe5 12. Nxe5 Bxe5 13. Be2 Be6 14. b3 d5 15.
Nxd5 Nxd5 16. cxd5 Qa5+ 17. Bd2 Qxd5 18. Bf3 Qd7 19. O-O Rad8 20. Bh6 Rfe8 21.
Qxd7 Rxd7 22. Rfe1 f6 23. Be3 Kf7 24. h4 h5 25. g3 Bd5 26. Red1 Red8 27. Be2 Bc6
28. Rxd7+ Bxd7 29. Rd1 b6 30. Bc4+ Ke7 31. Bc1 Bc6 32. Ba3+ Bd6 33. Re1+ Kd7 34.
Bxd6 Kxd6 35. Bf7 Kc5 36. Rc1+ Kb5 37. a4+ 1-0

[Event "tht Extraliga 16/17,BSS Frydek Mistek-Tatran Litovel"]
[Site "Brno"]
[Date "2017.03.31"]
[Round "9.2"]
[White "Zpevak, Pavel"]
[Black "Fedorov, Aleksei"]
[WhiteElo "2355"]
[BlackElo "2589"]
[Result "0-1"]

1. c4  g6  2. Nf3  Bg7
3. d4  Nf6  4. Nc3
d6  5. Bg5  h6
6. Bf4 O-O  7. h3  Nc6  8. e3
Qe8  9. Bh2  e5
10. Be2  exd4  11. exd4  Bf5
12. O-O  g5  13. Re1
Qd7  14. d5  Ne7
15. Nd4  Bg6  16. Bd3
Rae8  17. Rc1  Nf5
18. Nxf5  Rxe1+  19. Qxe1
Bxf5  20. Bxf5  Qxf5
21. Nb5  g4  22. hxg4
Nxg4  23. Bg3  Bxb2
24. Rb1  Be5  25. Bxe5
Nxe5  26. Rb3  Kh8
27. Qc1  Qf6  28. Rh3
Kh7  29. Nxa7  Rg8
30. Nb5  Rg4  31. Nxc7
Rxc4  32. Qb1+  Kh8
33. Qxb7 Rc1+  34. Kh2  Qf4+
0-1

[Event "tht Extraliga 16/17,BSS Frydek Mistek-Tatran Litovel"]
[Site "Brno"]
[Date "2017.03.31"]
[Round "9.3"]
[White "Antoniewski, Rafal"]
[Black "Stachowiak, Kamil"]
[WhiteElo "2532"]
[BlackElo "2407"]
[Result "1/2-1/2"]

1. d4  Nf6  2. Bg5  d5
3. e3  Ne4  4. Bf4
Bf5  5. f3  Nf6
6. g4  Bg6  7. h4  h5
8. g5  Nfd7  9. c4
dxc4  10. Bxc4  Nc6
11. Nc3  e5  12. dxe5
Ncxe5  13. Be2  c6
14. a3  Bc5  15. Nh3
Qe7  16. e4  O-O
17. b4  Bb6  18. Qb3
a5  19. Rd1  axb4
20. axb4  Kh8  21. Na4
Ba7  22. b5  cxb5
23. Nc3  Bc5  24. Nd5
Qe6  25. Bc1  Nxf3+
26. Bxf3  Bxe4  27. Kf1
Qf5  28. Ndf4  Ne5
29. Bxe4  Qxe4  30. Qd5
Qc2  31. Qd2  Qe4
32. Qd5  Qc2  33. Qd2
Qe4  1/2-1/2

[Event "tht Extraliga 16/17,BSS Frydek Mistek-Tatran Litovel"]
[Site "Brno"]
[Date "2017.03.31"]
[Round "9.4"]
[White "Straka, Vojtech"]
[Black "Zwardon, Vojtech"]
[WhiteElo "2346"]
[BlackElo "2399"]
[Result "0-1"]

1. d4  Nf6  2. Nf3  e6
3. Bg5  c5  4. e3
Qb6  5. Nbd2  cxd4
6. exd4  d5  7. Rb1
Nc6  8. c3  Bd6
9. Bd3  h6  10. Bh4  Nh5
11. Bg3  Nxg3  12. hxg3
Bd7  13. O-O  g5
14. Qe2  O-O-O  15. b4
g4  16. Ne5  Bxe5
17. dxe5  h5  18. c4
h4  19. c5  Qc7
20. b5  Nxe5  21. Rfc1  Nxd3
22. Qxd3  hxg3  23. fxg3
Kb8  24. b6  Qe5
25. bxa7+  Ka8  26. Rb6
Bc6  27. Rcb1  Rc8
28. Nb3  d4  29. Na5
Be4  30. Re1  Rh1+
0-1

[Event "tht Extraliga 16/17,BSS Frydek Mistek-Tatran Litovel"]
[Site "Brno"]
[Date "2017.03.31"]
[Round "9.5"]
[White "Szotkowski, Jakub"]
[Black "Cifka, Stanislav"]
[WhiteElo "2379"]
[BlackElo "2415"]
[Result "1/2-1/2"]

1. d4  d5  2. c4  c6
3. Nf3  Nf6  4. e3
Bg4  5. Qb3  Qb6
6. Ne5  Bf5  7. cxd5
Qxb3  8. axb3  Nxd5
9. Bd2  e6  10. Na3
Nb4  11. f3  Nd7
12. e4  Nxe5  13. dxe5
Bg6  14. Be3  Be7
15. Kf2  O-O-O  16. Be2
Nd3+  17. Bxd3  Rxd3
18. Nc4  a6  19. Na5
f6  20. Ke2  Rhd8
21. Rhd1  Rxd1  22. Rxd1
Rxd1  23. Kxd1  c5
24. Nc4  Kc7  25. Bd2
b5  26. Ne3  fxe5
27. Bc3  Bd6  28. Ng4
Bh5  29. Nf2  c4
30. bxc4  bxc4  31. Kd2
Kc6  32. Nd1  Kb5
33. Ne3  a5  34. Kc2
a4  35. Kd2  g5
36. h3  Kc5  37. Nc2  Bc7
38. Bb4+  Kb5  39. Kc3
Be8  40. Na3+  Ka6
41. Kxc4  Kb6 42. Be7  Bd7
43. Kb4  Ka6  44. Nc4
Bb5  45. Bxg5  Bb6 46. Nxe5
Bf1  47. f4  Bd4
48. Nc4  Bxg2  49. Kxa4
Bxe4  50. h4  Bc5
51. h5  Bc2+  52. b3
Bd1  53. h6  Bh5
54. b4  Bd1+  55. Ka3
Bf8  56. Ne3  Bf3
57. f5  exf5  58. Nxf5
Be4  59. Be7  Bxf5 1/2-1/2

[Event "tht Extraliga 16/17,BSS Frydek Mistek-Tatran Litovel"]
[Site "Brno"]
[Date "2017.03.31"]
[Round "9.6"]
[White "Hollan, Petr"]
[Black "Pisk, Petr"]
[WhiteElo "2332"]
[BlackElo "2353"]
[Result "1/2-1/2"]

1. Nf3  d5  2. d4  c5
3. g3  Nc6  4. Bg2
Nf6  5. O-O  e6
6. c4  Be7  7. cxd5  exd5
8. Nc3  O-O  9. Bg5
cxd4  10. Nxd4  h6
11. Be3  Bg4  12. h3
Be6  13. Rc1  Qd7
14. Kh2  Rad8  15. Nxc6
bxc6  16. Na4  Bf5
17. Nc5  Bxc5  18. Rxc5
Be4  19. f3  Bg6
20. Qd4  Rfe8  21. Rfc1
Re6  22. Ra5  Qe8
23. Ra3  Rd7  24. Bf1
Rde7  25. Bf2  Qb8
26. b3  a6  27. Qb6
Qxb6  28. Bxb6  Rxe2+
29. Bxe2  Rxe2+  30. Kg1
Nd7  31. Bd4  Rd2
32. Be3  Re2  33. Bf4
d4  34. Rxa6  d3
35. Rd1  Rc2  36. Ra4
Nb6  37. Rd4  Rxa2
38. Rd6  Rb2  39. Rxc6
Rxb3  40. h4  h5
41. Rc5  Rb2  42. g4
Nd7  43. Ra5  Nf6
44. Be5  Re2  45. Bxf6
gxf6  46. Rd5  hxg4
47. h5  Bh7  48. fxg4
Re4  49. g5  Rg4+
50. Kf2  Rxg5  51. R5xd3
Bxd3  52. Rxd3  Rxh5
53. Rg3+  Rg5  54. Ra3
Kg7  55. Rb3  Kg6
56. Rb6  Ra5  57. Rb3
f5  58. Kf1  f4
59. Kf2  Kf5  60. Rc3  Kg4
61. Rb3  Ra2+  62. Kf1
Ra4  63. Rc3  Re4
64. Kf2  Re3  65. Rc8
Rf3+  66. Kg2  Rb3
67. Rg8+  Kf5  68. Kf2
Rg3  69. Ra8  Rc3
70. Rb8  f6  71. Ra8
Rd3  72. Rb8  f3
73. Rc8  Kg4  74. Rc4+
Kg5  75. Rc8  f5
76. Rc4  f4  77. Rc8
1/2-1/2

[Event "tht Extraliga 16/17,BSS Frydek Mistek-Tatran Litovel"]
[Site "Brno"]
[Date "2017.03.31"]
[Round "9.7"]
[White "Jasny, Stanislav"]
[Black "Belunek, Vladimir"]
[WhiteElo "2359"]
[BlackElo "2241"]
[Result "1-0"]

1. c4 e6 2. Nf3 d5 3. d4 Nf6 4. Nc3 c6 5. e3 Nbd7 6. Bd3 dxc4 7. Bxc4 b5 8. Be2
a6 9. e4 b4 10. e5 bxc3 11. exf6 Nxf6 12. bxc3 Bd6 13. O-O O-O 14. Ne5 Qc7 15.
Bf3 Bb7 16. Qa4 c5 17. Bxb7 Qxb7 18. Nc4 Be7 19. dxc5 Bxc5 20. Ba3 Bxa3 21. Qxa3
Qc7 22. Ne3 Ne4 23. c4 Rfd8 24. Rfd1 Qf4 25. f3 Nd6 26. Qc3 Nf5 27. Nxf5 Qxf5 28.
c5 Rd5 29. Rxd5 Qxd5 30. c6 Rc8 31. Rc1 h6 32. a3 Rc7 33. Rc2 e5 34. Kf2 f6 35.
Ke3 Kf7 36. g4 g6 37. h4 f5 38. gxf5 gxf5 39. Qb4 f4+ 40. Ke2 Ke6 41. Rc5 Qa2+
42. Kd3 Qf2 43. Qc4+ Kf6 44. Qd5 Qf1+ 45. Kc2 Qe2+ 46. Kb3 Qe3+ 47. Kb4 a5+ 48.
Kb5 1-0

[Event "tht Extraliga 16/17,BSS Frydek Mistek-Tatran Litovel"]
[Site "Brno"]
[Date "2017.03.31"]
[Round "9.8"]
[White "Knajbl, Michael"]
[Black "Vesselovsky, Serguei"]
[WhiteElo "1790"]
[BlackElo "2339"]
[Result "0-1"]

1. d4  Nf6  2. Nf3  e6
3. Bg5  h6  4. Bh4
d6  5. e3  Nbd7
6. Bd3  g5  7. Bg3  Nh5
8. Nbd2  Bg7  9. c3
Ndf6  10. Ne4  Nxe4
11. Bxe4  c6  12. Nd2
Nxg3  13. hxg3  Bd7
14. Bd3  Qe7  15. a4
e5  16. dxe5  Bxe5
17. a5  f5  18. Qh5+
Kd8  19. Kf1  Kc7
20. Qe2  h5  21. Nf3
h4  22. gxh4  g4
23. Nxe5  Rxh4  24. Rxh4
Qxh4  25. Ke1  dxe5
26. Rd1  g3  27. fxg3
Qxg3+  28. Qf2  Qg5
29. e4  f4  30. Be2
b6  31. Bf3  Qe7
32. Qd2  c5  33. b4
Bc6  34. Qd3  cxb4
35. a6  Rd8  36. Qxd8+
Qxd8  37. Rxd8  Kxd8
38. cxb4  Kc7  39. Kd2
Kd6  40. Kc3  Bb5
41. Bh5  Bxa6  42. Bf3
Bf1  43. Kb3  Ke7
44. Kc3  Kf6  45. Kd2
a5  46. bxa5  bxa5
47. Ke1  a4  0-1

[Event "tht Extraliga 16/17,Unichess-Novy Bor"]
[Site "Brno"]
[Date "2017.03.31"]
[Round "9.1"]
[White "Michalik, Peter"]
[Black "Navara, David"]
[WhiteElo "2578"]
[BlackElo "2728"]
[Result "0-1"]

1. d4  d5  2. c4  c6
3. Nf3  Nf6  4. e3
Bg4  5. h3  Bh5
6. Nbd2  Nbd7  7. Qb3  Qc7
8. g4  Bg6  9. Nh4
e6  10. Nxg6  hxg6
11. Bg2  O-O-O 12. g5  Ng8
13. cxd5  exd5  14. e4
Ne7  15. O-O  f6
16. Re1  Kb8  17. Qg3
dxe4  18. Nxe4  Nd5
19. Nc3  N7b6  20. Qxc7+
Nxc7  21. Bf4  Rh4
22. Ne2  Bb4  23. Red1
Bd6  24. Bg3  Rh5
25. gxf6  gxf6  26. Nf4
Bxf4  27. Bxf4  Rh4
28. Bg3  Rhxd4  29. Rxd4
Rxd4  30. Re1  Kc8
31. h4  Nbd5  32. Be4
Ne7  33. Bc2  Ncd5
34. Rd1  Rc4  35. Bd3
Rb4  36. Rb1  Rd4
37. Bc2  Rd2  38. Be4
Kd7  39. Kf1  f5
40. Bf3  f4  41. Bh2
Ke6  42. Ke1  Rd4
43. Rd1  Rxd1+  44. Bxd1
Nf5  45. h5  g5
46. Bg1  b6  47. Kd2  Nf6
48. f3  Nxh5  49. b4
Nf6  50. Bf2  Nd5
51. a3  Ke5  52. Kd3
Nde3  53. Kd4+ 0-1

[Event "tht Extraliga 16/17,Unichess-Novy Bor"]
[Site "Brno"]
[Date "2017.03.31"]
[Round "9.2"]
[White "Vitiugov, Nikita"]
[Black "Cernousek, Lukas"]
[WhiteElo "2720"]
[BlackElo "2456"]
[Result "1/2-1/2"]

1. e4  c6  2. d3  e5
3. Nf3  Nf6  4. g3
Qc7  5. Bg2  d5
6. O-O  dxe4  7. dxe4  Bc5
8. Nbd2  O-O  9. b3
Nbd7  10. Bb2  b5
11. Ne1  Bd6  12. Kh1
Nc5  13. Nd3  Nfd7
14. f4  Nxd3  15. cxd3
exf4  16. d4  f6
17. Rc1  Bb7  18. Qg4
Rae8  19. gxf4  f5
20. Qh4  fxe4  1/2-1/2

[Event "tht Extraliga 16/17,Unichess-Novy Bor"]
[Site "Brno"]
[Date "2017.03.31"]
[Round "9.3"]
[White "Jurcik, Marian"]
[Black "Shirov, Alexej"]
[WhiteElo "2489"]
[BlackElo "2691"]
[Result "0-1"]

1. e4 e6 2. d4 d5 3. Nd2 Be7 4. e5 c5 5. c3 Nc6 6. Bd3 cxd4 7. cxd4 f6 8. Qh5+
Kf8 9. Ne2 Qc7 10. Qf3 Qb6 11. Nb3 a5 12. Be3 a4 13. Nd2 Qxb2 14. O-O Qa3 15. Bf4
Nb4 16. Bb5 Qxf3 17. Nxf3 Nc2 18. Rac1 Na3 19. Bxa4 b5 20. Bb3 Nc4 21. Nc3 Bd7
22. a4 bxa4 23. Bxc4 dxc4 24. d5 a3 25. Nd4 Kf7 26. d6 fxe5 27. Bxe5 Bf6 28. f4
Nh6 29. Ne4 a2 30. Ng5+ Kg6 31. Ngxe6 Nf5 32. Nxf5 Bxe6 33. Nd4 Bd5 34. Nb5 Bc6
35. Nc7 Ra5 36. f5+ Kf7 37. Bxf6 Kxf6 38. Ne6 Rb8 39. g4 Rb2 40. g5+ Ke5 41. Nf4
Kxd6 42. Rcd1+ Kc7 43. h4 c3 44. f6 gxf6 45. gxf6 c2 46. Rde1 a1=Q 47. f7 Rg5+
48. hxg5 Qa7+ 0-1

[Event "tht Extraliga 16/17,Unichess-Novy Bor"]
[Site "Brno"]
[Date "2017.03.31"]
[Round "9.4"]
[White "Laznicka, Viktor"]
[Black "Vavra, Pavel"]
[WhiteElo "2667"]
[BlackElo "2390"]
[Result "1-0"]

1. d4  d5  2. Nf3  c6
3. c4  e6  4. Bg5
f6  5. Bh4  dxc4
6. e4  b5  7. Be2
Bb4+  8. Nc3  Ne7
9. O-O  O-O  10. Qc2
Ng6  11. Bg3  f5
12. h4  Be7  13. h5
Nh4  14. Bxh4  Bxh4
15. a4  Ba6  16. axb5
cxb5  17. exf5  Bb7
18. fxe6  b4  19. Bxc4
Kh8  20. Ne4  b3
21. Qe2  Nc6  22. d5
Nb4  23. d6  Rf4
24. e7  Qc8  25. Ned2
Bc6  26. Ne5  Be8
27. d7  Bxd7  28. Nxd7
Qxd7  29. Rxa7  1-0

[Event "tht Extraliga 16/17,Unichess-Novy Bor"]
[Site "Brno"]
[Date "2017.03.31"]
[Round "9.5"]
[White "Kovar, Vojtech"]
[Black "Sasikiran, Krishnan"]
[WhiteElo "2327"]
[BlackElo "2674"]
[Result "0-1"]

1. d4 Nf6 2. c4 e6 3. Nc3 Bb4 4. Qc2 O-O 5. e4 d6 6. a3 Bxc3+ 7. bxc3 e5 8. Bd3
c5 9. Ne2 Nc6 10. O-O Nd7 11. f4 Na5 12. Ng3 Nb6 13. Rb1 Bd7 14. Nf5 Nbxc4 15.
Qe2 b5 16. fxe5 dxe5 17. Bh6 Bxf5 18. exf5 Qf6 19. Rxb5 Qxh6 20. Bxc4 Nxc4 21.
Qxc4 Qe3+ 22. Kh1 cxd4 23. cxd4 exd4 24. Rd5 Rad8 25. Rd1 Rxd5 26. Qxd5 Re8 27.
h3 Qxa3 28. Qxd4 Qa5 29. f6 h6 30. fxg7 Re1+ 31. Rxe1 Qxe1+ 32. Kh2 Qe7 33. h4 f6
34. g3 Qe2+ 35. Kg1 Qe7 36. Kh2 Qf7 37. Kg1 h5 38. Qc5 Kxg7 39. Qf5 Qe8 40. Kf2
a6 41. g4 Qb5 42. Qe6 Qc5+ 43. Kf1 Qc1+ 44. Ke2 Qc2+ 45. Ke3 Qc3+ 46. Kf2 Qd4+
47. Kf1 Qf4+ 0-1

[Event "tht Extraliga 16/17,Unichess-Novy Bor"]
[Site "Brno"]
[Date "2017.03.31"]
[Round "9.6"]
[White "Hracek, Zbynek"]
[Black "Jurcik, Martin"]
[WhiteElo "2607"]
[BlackElo "2320"]
[Result "1-0"]

1. e4  c5  2. Nf3  d6
3. d4  Nf6  4. Nc3
cxd4  5. Nxd4  a6
6. h3  g6  7. g4
Bg7  8. Bg2  O-O
9. Be3  Nc6  10. Qd2
Bd7  11. f4  Rc8
12. O-O-O  b5  13. e5
Ne8  14. Rhe1  Na5
15. b3  e6  16. Ne4
dxe5  17. Nxe6  fxe6
18. Qxd7  Qxd7  19. Rxd7
exf4  20. Bc5  Bc3
21. Bxf8  Bxe1  22. Bh6
Nc6  23. Bxf4  Nb4
24. Kd1  Nxc2  25. g5
Bh4  26. Bf3  e5
27. Bxe5  Ne3+  28. Ke2
Nf5  29. Nf6+  1-0